| Record ID | marc_loc_2016/BooksAll.2016.part33.utf8:88152001:1123 |
| Source | Library of Congress |
| Download Link | /show-records/marc_loc_2016/BooksAll.2016.part33.utf8:88152001:1123?format=raw |
LEADER: 01123cam a2200325 a 4500
001 2005935392
003 DLC
005 20100303082747.0
008 051007s2007 nyua 001 c eng
010 $a 2005935392
020 $a9780764159794 (hbk.)
020 $a0764159798 (hbk.)
020 $a9780764134937 (pbk.)
020 $a0764134930 (pbk.)
020 $a9780764159794
020 $a0764159798
040 $aDLC$cDLC$dDLC
042 $apcc
050 00 $aPN6727.F677$bH86 2007
100 1 $aFord, Michael,$d1980-
245 14 $aThe hunchback of Notre Dame /$cVictor Hugo ; illustrated by Penko Gelev ; retold by Michael Ford.
250 $a1st ed. for North America (including Canada and Mexico), Philippine Islands, and Puerto Rico.
260 $aHauppauge, NY :$bBarrons,$c2007.
300 $a48 p. :$bchiefly col. ill. ;$c27 cm.
490 0 $aGraphic classics
500 $aIncludes index.
655 0 $aGraphic novels.
700 1 $aGelev, Penko.
700 1 $aHugo, Victor,$d1802-1885.$tNotre-Dame de Paris.
856 42 $3Publisher description$uhttp://www.loc.gov/catdir/enhancements/fy0701/2005935392-d.html